000 00933nam a22003137a 4500
001 BR2013001102
003 BR-BrBNA
005 20230928104126.0
007 ta
008 230509b bl.||||| |||| 00| 0 por d
040 _aBR-BrBNA
_bpor
_cBiblioteca Nacional de Agricultura
041 _a(Eng, Spa, Por)
072 _aB10
090 _ B10 BR2013001102
100 1 _aGiesbrecht, H.O.
100 1 _aSchwanke, F.H.
100 1 _aMussnich, A.G.
110 1 _aServiço Brasileiro de Apoio as Micro e Pequenas Empresa, Brasília, DF (Brasil)
_99399
245 1 _aIndicações geográficas brasileiras; brazilian geographical indications; indicaciones geográficas brasileñas
250 1 _a3. ed.
260 3 _aBrasília, DF (Brasil):
_c2011.
300 _a161 p.
500 _a112 illus
650 _aGEOGRAFIA
650 _aHISTÓRIA
650 _aPRODUTO
909 _a202309
_bLucia
_c55
_dLucia Elande
942 _cBK
999 _c78255
_d78255